Statistiche per Tutti gli Stati che hanno controllato Milano

Clicka qui per fare il quiz!

Statistiche generali

  • Questo quiz è stato fatto 30 volte
    (7 dall'ultimo reset)
  • Il punteggio medio è 23 su 39

Statistiche sulle risposte

Risposta% Corretto
Regno d'Italia
100%
Impero Romano
83%
Impero Romano d'Occidente
83%
Regno di Francia e di Navarra
83%
Regno di Francia e di Navarra
83%
Regno di Spagna
83%
Regno d'Italia
83%
Repubblica Italiana
83%
Repubblica Romana
83%
Repubblica sociale Italiana
83%
Signoria di Milano
83%
Arciducato d'Austria
67%
Arciducato d'Austria
67%
Comune Libero di Milano
67%
Impero Austriaco (Regno Lombardo-Veneto)
67%
Impero Bizantino
67%
Impero Carolingio
67%
Regno di Sardegna
67%
Regno Ostrogoto
67%
Repubblica Cisalpina
67%
Sacro Romano Impero
67%
Tribù Insubrie
67%
Ducato di Milano
50%
Ducato di Milano
50%
Ducato di Milano
50%
Ducato di Milano
50%
Impero Austriaco (Regno Lombardo-Veneto)
50%
Regno di Sardegna
50%
Regno Longobardo
50%
Regno dei Franchi
33%
Regno di Francia / Regno di Sardegna
33%
Regno di Odoacre
33%
Regno Francese d'Italia
33%
Regno Franco d'Italia
33%
Regno Lotaringio di Francia Media
33%
Aurea Repubblica Ambrosiana
17%
Governo Provvisorio di Milano
17%
Repubblica Italiana Francese
17%
Repubblica Transpadana
17%

Distribuzione punteggi

Percentile per numero di risposta

Percentuale di utenti per punteggio

I tuoi punteggi nel tempo

Non hai fatto questo quiz dall'ultimo reset